000
00305nam a22001337a 4500
008
170331b xxu||||| |||| 00| 0 eng d
020
_a
9780781749879
041
_a
eng
080
_a
61
100
_a
8
101
_a
SHM
245
_a
PHOTO ATLAS OF MEDICATION ADMINISTRATION
_c
TAYLOR, C
942
_2
udc
_c
BK
999
_c
9292
_d
9292